Grupos de sociedades : en el derecho comparado /

Empresa y concentración empresaria. Control y dirección unificada. Grupo contractual y grupo de hecho. Management agreements - Responsabilidad en el grupo. El socio o accionista externo - Participaciones recíprocas. La problemática desde la sociedad partícipe. Inoponibilidad de la persona societaria...

Descripción completa

Guardado en:
Autor Principal: Manóvil, Rafael M.
Otros Autores: Fargosi, Horacio, (prol.)
Formato: Libro
Idioma:Spanish
Publicado: Buenos Aires : Abeledo-Perrot, 1998
Materias:
Etiquetas: Agregar Etiqueta
Sin Etiquetas, Sea el primero en etiquetar este registro!
LEADER 01067nam a22001935a 4500
001 DER.der000089
008 180615s1998####ag#####|###|#|######spa||
005 20251007114147.0
245 1 0 |a Grupos de sociedades :  |b en el derecho comparado /  |c Rafael M. Manóvil ;prólogo por Horacio Fargosi. 
260 |a Buenos Aires :  |b Abeledo-Perrot,  |c 1998 
300 |a 1276 p. 
500 |a "With an English translation of the conclusions" 
520 |a Empresa y concentración empresaria. Control y dirección unificada. Grupo contractual y grupo de hecho. Management agreements - Responsabilidad en el grupo. El socio o accionista externo - Participaciones recíprocas. La problemática desde la sociedad partícipe. Inoponibilidad de la persona societaria. El grupo en el derecho concursal. Derecho internacional privado de los problemas grupales 
020 |a 9502011376 
100 1 |a Manóvil, Rafael M. 
700 1 |a Fargosi, Horacio,  |e prol. 
650 7 |a DERECHO SOCIETARIO 
859 |a DERECHO  |b BIB. DERECHO  |h 346.06  |i MAN  |p 001021 
859 |a DERECHO  |b BIB. DERECHO  |h 346.06  |i MAN  |p 001022  |t 1